• 首页
  • 本馆介绍
  • 公告通知
  • 最新文献
  • 馆藏检索
  • 电子资源
  • 读者导购
  • 参考咨询
  • 我的图书馆
  • 登录
  • 详细信息显示
  • 放入我的书架
  • 预约/预借图书
  • 作者相关作品
  • 分类相关作品
  • 丛书相关作品
  • 出版社相关作品

书目信息

  • 表格格式
  • 工作单格式
  • 卡片格式
题名:
大众健身与康复训练指导
    
 
作者: 苏美华 著
分册:  
出版信息: 北京   中国纺织出版社  2018.07
页数: 231页
开本: 23cm
丛书名:
单 册:
中图分类: G883 , R493
科图分类:
主题词: 健身运动--jian shen yun dong--研究 , 康复训练--kang fu xun lian--研究
电子资源:
ISBN: 978-7-5180-3625-7
000 00995nam0 2200277 450
001 012001000069
005 20141201100941.0
010    @a978-7-5180-3625-7@dCNY65.00
099    @aCAL 012018033368
100    @a20220905d2018 em y0chiy50 ea
101 0  @achi
102    @aCN@b110000
105    @aak a 000yy
106    @ar
200 1  @a大众健身与康复训练指导@Ada zhong jian shen yu kang fu xun lian zhi dao@f苏美华著
210    @a北京@c中国纺织出版社@d2018.07
215    @a231页@c图@d23cm
320    @a有书目 (第230-231页)
330    @a健康对于每个人来说都是首要的。本选题首先介绍了健身运动的一些基本内容(概念、兴起与发展趋势、新理念等),然后阐述了大众健身运动的运动处方、运动损伤的预防与处理,涉及运动生理学、体育运动与保健等内容。
606 0  @a健身运动@Ajian shen yun dong@x研究
606 0  @a康复训练@Akang fu xun lian@x研究
690    @aG883@v4
690    @aR493@v4
701  0 @a苏美华@Asu mei hua@4著
801  0 @aCN@bAHXH@c20221111
905    @b1361720-4@dG883@e253@f5
    
    大众健身与康复训练指导/苏美华著.-北京:中国纺织出版社,2018.07
    231页:图;23cm
    
    
    ISBN 978-7-5180-3625-7:CNY65.00
    健康对于每个人来说都是首要的。本选题首先介绍了健身运动的一些基本内容(概念、兴起与发展趋势、新理念等),然后阐述了大众健身运动的运动处方、运动损伤的预防与处理,涉及运动生理学、体育运动与保健等内容。
●
相关链接 在E读中查询图书 在五车中查询图书 在当当中查询图书 在豆瓣中查询图书


正题名:大众健身与康复训练指导     索取号:G883/253         预约/预借

序号 登录号 条形码 馆藏地/架位号 状态 备注
1 1361720   213617200   第一样本阅览室/ [索取号:G883/253] 在馆    
2 1361721   213617219   教育系资料室/ [索取号:G883/253] 在馆    
3 1361722   213617228   教育系资料室/ [索取号:G883/253] 在馆    
4 1361723   213617237   第四借阅区/ [索取号:G883/253] 在馆    
5 1361724   213617246   第四借阅区/ [索取号:G883/253] 在馆    
唐山师范学院图书馆 欢迎您!
大连网信软件有限公司© 版权所有